000 00362nam a2200133Ia 4500
008 240624s9999 xx 000 0 und d
041 _aeng
082 _a658.022 BAR
100 _aBARRETO HECTOR V
245 _aENGINE OF AMERICA THE SECRETS TO SMALL B
260 _c2007
_aNew Jersey
_bJohn Wiley and Sons
300 _axii, : 223 : p. : cm. ; 24
365 _c
_b28
999 _c7367
_d7367